000 00627nam a2200241Ia 4500
003 OSt
005 20220924115005.0
006 a|||||r|||| 00| 0
007 ta
008 220923b |||||||| |||| 00| 0 ben d
020 _c50
024 _a300841
037 _cTextual
040 _aARTS
_cARTS
_bben
041 _2ben
_aben
082 _aV2:51y7M97, 157M7
100 _aMaikap S.C.
_9176371
245 0 _aBanhiman netaji Subhash
260 _aCalcutta
_bNaya Prokash India
_c1987
650 _aHISTORY
942 _hV2:51y7M97, 157M7
_cTEXL
_2CC
999 _c396294
_d396294